| 000 | 00419nam a2200157 4500 | ||
|---|---|---|---|
| 999 |
_c509813 _d509813 |
||
| 008 | 190607b ||||| |||| 00| 0 eng d | ||
| 100 |
_aShaikh, Asma _96235 |
||
| 245 | _aIndian women leaders: a case of Begum of Bhopal | ||
| 260 | _c2019 | ||
| 300 | _ap.13-15. | ||
| 650 |
_aLeadership - India _96236 |
||
| 650 |
_aWomen leaders _96237 |
||
| 773 | _aUniversity News | ||
| 906 | _aWomen - India | ||
| 942 |
_2ddc _cAR |
||